'O' Cartoon Characters by Picture Quiz Stats

Quiz Updated Oct 25, 2017

Challenge
Share
Tweet
Score 0/15 Timer 05:00
1 Play Today
Column Character % Correct
Olaf
84.7%
Owl
79%
Olive Oyl
77.8%
Optimus Prime
72.2%
Odie
66.5%
Otto Mann
64.3%
Obi-Wan Kenobi
63.6%
Olivia the Pig
46.5%
Column Character % Correct
Onix
46.2%
Osmosis Jones
40.2%
Ollie Williams
39.9%
Oogie Boogie
32.3%
Master Oogway
15.2%
Onion
9.7%
Orbitty
2.8%

You're not logged in!

Compare scores with friends on all Sporcle quizzes.
Join for Free
OR
Log In

You Might Also Like...

Show Comments

Extras

Top Quizzes Today


Score Distribution

Your Account Isn't Verified!

In order to create a playlist on Sporcle, you need to verify the email address you used during registration. Go to your Sporcle Settings to finish the process.

Report this User

Report this user for behavior that violates our Community Guidelines.

Details: